000 00717nam a2200181Ia 4500
008 090124s9999 xx 000 0 und d
082 _b2901
100 _aबागल माधवराव
245 _a बहुजन समाजाचे शिल्पकार
250 _a1
260 _b"ठोकऴ प्रकाशन ठोकऴ भवन, लक्ष्मी रस्ता, पुणे2"
_c1966
300 _a203
600 _aबागल माधवराव
630 _a बहुजन समाजाचे शिल्पकार
700 _aबागल माधवराव
730 _a बहुजन समाजाचे शिल्पकार
942 _cBOOK
999 _c82671
_d82671